Comunicación, cultura y globalización /

Uloženo v:
Podrobná bibliografie
Hlavní autor: Rivera, Luis
Médium: Text
Témata:
Tagy: Přidat tag
Žádné tagy, Buďte první, kdo vytvoří štítek k tomuto záznamu!

MARC

LEADER 00000 a a2200000 04500
001 18555
003
040
100 |a Rivera, Luis  
245 |a Comunicación, cultura y globalización /  |c Luis Rivera 
650 |a COMUNICACION DE MASAS  
650 |a CULTURA  
650 |a CAMBIO CULTURAL  
650 |a GLOBALIZACION  
650 |a TEORIA  
650 |a CONF.  
773 |g número 37; páginas 133-154  
999 |c 34693  |d 34693